NEXT Generaltion Application Integration (Record no. 32971)

MARC details
000 -LEADER
fixed length control field 00419nam a2200169Ia 4500
020 ## - INTERNATIONAL STANDARD BOOK NUMBER
ISBN 0-201-84456-7
100 ## - STATEMENT OF RESPONSIBILITY--MAIN AUTHOR NAME
Personal name David S. Linthicum
245 #0 - TITLE STATEMENT
Title NEXT Generaltion Application Integration
260 ## - PUBLICATION, DISTRIBUTION, ETC. (IMPRINT)
Place of publication Canada
260 ## - PUBLICATION, DISTRIBUTION, ETC. (IMPRINT)
Name of publisher ADDISION WESLEY
260 ## - PUBLICATION, DISTRIBUTION, ETC. (IMPRINT)
Year of publication 2000
300 ## - PHYSICAL DESCRIPTION
Number of Pages 488 p
650 ## - SUBJECT ADDED ENTRY--TOPICAL TERM
Topical Term Cataloging inpublication
942 ## - ADDED ENTRY ELEMENTS (KOHA)
Koha item type Books
Holdings
Withdrawn status Lost status Source of classification or shelving scheme Damaged status Not for loan Permanent Location Current Location Date acquired Accession Number Price effective from Koha item type
    Library of Congress Classification     NILE UNIVERSITY OF NIGERIA - MAIN LIBRARY NILE UNIVERSITY OF NIGERIA - MAIN LIBRARY 04/23/2025 0000329 04/23/2025 Books